书目信息 |
| 题名: |
徘徊的幽灵
|
|
| 作者: | 尹鸿 | |
| 分册: | ||
| 出版信息: | 云南 云南人民出版社 1995 |
|
| 页数: | 244页 | |
| 开本: | 20cm | |
| 丛书名: | ||
| 单 册: | ||
| 中图分类: | I1 | |
| 科图分类: | ||
| 主题词: | 文学--世界 | |
| 电子资源: | ||
| ISBN: | 7-222-01682-1 | |
| 000 | 00477nam0 2200181 450 | |
| 001 | 0728815141 | |
| 005 | 20070819080015.14 | |
| 010 | @a7-222-01682-1@d¥8.00 | |
| 100 | @a20070819d km y0chiy0120 ea | |
| 101 | 0 | @achi |
| 200 | 1 | @a徘徊的幽灵@Apai huai de you ling@f尹鸿@Fyin hong |
| 210 | @a云南@c云南人民出版社@d1995 | |
| 215 | @a244页@d20cm | |
| 606 | 0 | @a文学@x世界 |
| 690 | @aI1@v3 | |
| 701 | 0 | @a尹鸿@Ayin hong |
| 801 | 0 | @aCN@bPFT@c20070819 |
| 905 | @a213230@dI1@eZW176@f1 | |
| 徘徊的幽灵/尹鸿.-云南:云南人民出版社,1995 |
| 244页;20cm |
| ISBN 7-222-01682-1:¥8.00 |
| ● |
| 相关链接 |
|
|
|
|
正题名:徘徊的幽灵
索取号:I1/ZW176
 
预约/预借
| 序号 | 登录号 | 条形码 | 馆藏地/架位号 | 状态 | 备注 |
| 1 | 7605243 | 276052432 | 密集书库-文学院/ [索取号:I1/ZW176] | 在馆 |